000 00690nam a2200229Ii 4500
003 JO-AjNU
008 230605s9999||||xx |||||||||||||| ||und||
017 _a2007/8/2744
020 _a978-9957-499-08-2
040 _aJO-AjNU
_bara
_erda
_cJO-AjNU
041 _aara
050 1 4 _aG155 2008
100 3 _aتاليف عبوي، زيد منير,
_eauthor
_928313
245 0 0 _aالاقتصاد السياحي
250 _aط1
264 3 1 _aعمان: دار الراية، دار الحامد، 2008
300 _a250ص
336 _atext
_btxt
_2rdacontent
337 _aunmediated
_bn
_2rdamedia
338 _avolume
_bnc
_2rdacarrier
650 4 _aالسياحة-اقتصاد
_928314
999 _aA10966
_c14534
_d14534